<?xml version="1.0" encoding="UTF-8"?>
<record
    xmlns:xsi="http://www.w3.org/2001/XMLSchema-instance"
    xsi:schemaLocation="http://www.loc.gov/MARC21/slim http://www.loc.gov/standards/marcxml/schema/MARC21slim.xsd"
    xmlns="http://www.loc.gov/MARC21/slim">

  <leader>01627    a2200205   4500</leader>
  <controlfield tag="001">53854</controlfield>
  <controlfield tag="005">20260407155809.0</controlfield>
  <controlfield tag="008">260407a1956    arg                 spa d</controlfield>
  <controlfield tag="003">AR-UNSa-BCEJYS</controlfield>
  <datafield tag="040" ind1=" " ind2=" ">
    <subfield code="a">AR-UNSa-BCEJYS</subfield>
    <subfield code="b">spa</subfield>
    <subfield code="c">AR-UNSa-BCEJYS</subfield>
  </datafield>
  <datafield tag="080" ind1=" " ind2=" ">
    <subfield code="a">338.2</subfield>
    <subfield code="x">Pol&#xED;tica econ&#xF3;mica. Control de la econom&#xED;a. Gesti&#xF3;n de la econom&#xED;a. Planificaci&#xF3;n econ&#xF3;mica</subfield>
  </datafield>
  <datafield tag="245" ind1="1" ind2="0">
    <subfield code="a">Fundamentos de pol&#xED;tica econ&#xF3;mica</subfield>
  </datafield>
  <datafield tag="264" ind1=" " ind2="1">
    <subfield code="a">Madrid :</subfield>
    <subfield code="b">Ediciones Rialp</subfield>
    <subfield code="c">1956</subfield>
  </datafield>
  <datafield tag="300" ind1=" " ind2=" ">
    <subfield code="a">536 p.</subfield>
    <subfield code="c">21 cm.</subfield>
  </datafield>
  <datafield tag="505" ind1=" " ind2=" ">
    <subfield code="a">1. El problema - 2. Masificaci&#xF3;n, luchas por el poder, ideolog&#xED;a - 3. Pensar en Ordenes - 4. La pol&#xED;tica econ&#xF3;mica del "laissez-faire" - 5. La pol&#xED;tica econ&#xF3;mica experimental - 6. La pol&#xED;tica de direcci&#xF3;n centralizda del proceso econ&#xF3;mico - 7. El proceso econ&#xF3;mico en la pol&#xED;tica centralizada - 8. La pol&#xED;tica econ&#xF3;mica de direcci&#xF3;n centralizada: cr&#xED;tica - 9. La pol&#xED;tica econ&#xF3;mica de la vida media - 10. La pol&#xED;tica  - econ&#xF3;mica de la &#xE9;poca experimental .Su resultado - 11. Otra vez el problema  - 12. El mito de evolucionismo - 13. El hecho hist&#xF3;rico.Consecuencias para la pol&#xED;tica econ&#xF3;mica - 14. La t&#xE9;cnica, la concentraci&#xF3;n y el orden de la econom&#xED;a - 15. La pol&#xED;tica de la libre competencia.Introducci&#xF3;n - 16. La pol&#xED;tica del orden de la competencia . Los principios constituyentes - 17. La pol&#xED;tica del orden de la competencia. Los principios reguladores - 19. La pol&#xED;tica econ&#xF3;mica de la vida media - 20. Bien individual, principio y bien com&#xFA;n</subfield>
  </datafield>
  <datafield tag="942" ind1=" " ind2=" ">
    <subfield code="c">BK</subfield>
  </datafield>
  <datafield tag="590" ind1=" " ind2=" ">
    <subfield code="a">niveau_biblio:m niveau_hierar:0</subfield>
  </datafield>
  <datafield tag="100" ind1="1" ind2=" ">
    <subfield code="a">Eucken, Walter</subfield>
  </datafield>
  <datafield tag="700" ind1="1" ind2=" ">
    <subfield code="a">G&#xF3;mez Dem&#xE1;s, Jos&#xE9; Luis</subfield>
  </datafield>
  <datafield tag="999" ind1=" " ind2=" ">
    <subfield code="c">5269</subfield>
    <subfield code="d">5269</subfield>
  </datafield>
  <datafield tag="952" ind1=" " ind2=" ">
    <subfield code="0">0</subfield>
    <subfield code="1">0</subfield>
    <subfield code="4">0</subfield>
    <subfield code="7">0</subfield>
    <subfield code="a">BCEJYS</subfield>
    <subfield code="b">BCEJYS</subfield>
    <subfield code="c">16</subfield>
    <subfield code="d">2026-04-07</subfield>
    <subfield code="l">0</subfield>
    <subfield code="o">338.2 E86</subfield>
    <subfield code="p">L20254</subfield>
    <subfield code="r">2026-04-07 15:58:09</subfield>
    <subfield code="w">2026-04-07</subfield>
    <subfield code="y">L</subfield>
  </datafield>
  <datafield tag="952" ind1=" " ind2=" ">
    <subfield code="0">0</subfield>
    <subfield code="1">0</subfield>
    <subfield code="4">0</subfield>
    <subfield code="7">0</subfield>
    <subfield code="a">BCEJYS</subfield>
    <subfield code="b">BCEJYS</subfield>
    <subfield code="c">16</subfield>
    <subfield code="d">2026-04-07</subfield>
    <subfield code="l">0</subfield>
    <subfield code="o">338.2 E86</subfield>
    <subfield code="p">L20253</subfield>
    <subfield code="r">2026-04-07 15:58:09</subfield>
    <subfield code="w">2026-04-07</subfield>
    <subfield code="y">L</subfield>
  </datafield>
</record>
